00728 2200253 4500001002100000005001500021035002000036008004100056040001200097100001800109245009600127300003200223020002200255041000800277082001300285084001900298260003000317650003100347700002400378990001800402990001800420990001800438990001800456INLIS00000000000107220220124095131 a0010-0919000094220124 e 0 ind  aJBPDBAN0 aFajar Junaedi1 aKomunikasi kesehatan :bSebuah pengantar komprehensif /cFajar Junaedi, Filosa Gita Sukmono a139 hlm, :bilus. ;c21 cm. a978-602-422-238-3 aInd a613. 014 a613. 014 FAJ k aJakarta :bKencana,c2018 4aKomunikasi dalam Kesehatan0 aFilosa Gita Sukmono a19/399744/PBI a19/399745/PBI a19/399746/PBI a19/399747/PBI